000 00507nam a2200145Ia 4500
008 200226s9999 xx 000 0 und d
020 _a978-1-4739-0651-8
100 _aKerry, Matthew
245 _cMathew Kerry, Georgia Stone.--
_aIntroducing media practice:
_bthe essential guide /
260 _aLondon :
_bSAGE Publications Ltd
_c2018
300 _axv , 204 pages :
_billustration ;
_c23 cm.
500 _aIncludes bibliographical references and index.
650 _aCommunication.
650 _aMass media.
999 _c362978
_d362978